00336pab a2200121 454500008004000000100001900040245007500059260000900134300001300143362001100156650001300167773003400180180718b2017 xxu||||| |||| 00| 0 eng d aKirmani, Nida  aResistance and its limits: protesting urban violence in Lyari, Karachi c2017 ap.41-48. a18 Feb aViolence aEconomic and Political Weekly